|
|
|
|
| LEADER |
01066nam a2200277 a 4500 |
| 001 |
3809 |
| 003 |
BD-DhAAL |
| 005 |
20150322114143.0 |
| 008 |
150322s19939999wlkacfh b 001 0 eng d |
| 010 |
|
|
|a 98211026
|z 94162705
|
| 020 |
|
|
|a 070831239X
|
| 040 |
|
|
|a Uk
|c Uk
|d DLC
|d BD-DhAAL
|
| 050 |
0 |
0 |
|a LA667
|b .W55 1993
|
| 082 |
0 |
4 |
|a 378.42909
|2 20
|
| 100 |
1 |
|
|a Williams, J. Gwynn.
|9 10017
|
| 245 |
1 |
4 |
|a The university movement in Wales /
|c J. Gwynn Williams.
|
| 260 |
|
|
|a Cardiff :
|b University of Wales Press,
|c 1993.
|
| 300 |
|
|
|a 250 p., [12] p. of plates :
|b ill., facsims., ports. ;
|c 24 cm.
|
| 490 |
|
|
|a A history of the University of Wales ;
|v v. 1
|
| 504 |
|
|
|a Includes bibliographical references and index.
|
| 541 |
|
|
|e 3809
|
| 610 |
2 |
0 |
|a University of Wales
|x History.
|9 10018
|
| 650 |
|
0 |
|a Universities and colleges
|z Wales
|x History.
|9 10019
|
| 942 |
|
|
|2 ddc
|c BK
|
| 999 |
|
|
|c 34134
|d 34134
|
| 952 |
|
|
|0 0
|1 0
|2 ddc
|4 0
|6 378_429090000000000_WIL
|7 0
|9 53265
|a SCL
|b SCL
|c GEN
|d 2015-03-22
|e Gift: The British Council
|l 0
|o 378.42909 WIL
|p 3020003809
|r 2015-03-22
|t 1
|w 2015-03-22
|y BK
|